| 000 | 00627nam a22002177a 4500 | ||
|---|---|---|---|
| 005 | 20211005123434.0 | ||
| 008 | 211005b ||||| |||| 00| 0 eng d | ||
| 020 | _a9789391003333 | ||
| 040 |
_aIN-DiNC _cIN-DiNC |
||
| 041 | _dasm | ||
| 082 |
_a339 _bJAI |
||
| 100 |
_aJain, TR _eauthor |
||
| 245 |
_aIntroductory macroeconomics and Indian economic development (Class XII)/ _cby TR Jain and VK Ohri |
||
| 250 | _a1st ed. | ||
| 260 |
_aNew Delhi: _bVK global publications, _c2021 |
||
| 300 | _a316p. | ||
| 650 | _aMacroeconomics | ||
| 650 | _aIndian economic development | ||
| 700 |
_aOhri, VK _eauthor |
||
| 942 |
_2ddc _cBK |
||
| 999 |
_c11197 _d11197 |
||